| 000 | 00910cam a2200229 4500 | ||
|---|---|---|---|
| 001 | ABS66107 | ||
| 008 | 021030n2002 000 0 eng u | ||
| 035 | _a(Sirsi) u120322 | ||
| 100 | _aMadine, V | ||
| 245 | _aUp with skool | ||
| 260 | _c2002 | ||
| 490 |
_aBuilding _v267(8254) 11 October 2002, 42-46(5) |
||
| 520 | _aExamines the findings of Mirza & Nacey's 2002 survey of quantity surveyors' (QS) fees which shows that QSs' fees in the health and education sectors have risen more than any in other sectors. Includes average percentage fee changes for different sectors, a regional fee index, and regional and national figures for median hourly rates by job title. Tables. | ||
| 590 | _aABS | ||
| 650 | _aQUANTITY SURVEYORS | ||
| 650 | _aFEES | ||
| 650 | _aPUBLIC SECTOR | ||
| 650 | _aPROFESSIONAL CHARGES | ||
| 650 | _aCHARGE-OUT RATES | ||
| 690 |
_aQuantity surveying _96263 |
||
| 942 | _n0 | ||
| 999 |
_c71485 _d71485 |
||